Simulácia vývoja variancie predaja produktu

Riešenie úlohy o vývoji variancie predaja určitého výrobku počas jedného dňa. Odhad, akú varianciu má dopyt v jednotlivých častiach dňa.

Salvato in:
Dettagli Bibliografici
Autore principale: Silanič, Peter, 1984-
Natura: Capitolo di libro
Lingua:slovacco
Soggetti:
Tags: Aggiungi Tag
Nessun Tag, puoi essere il primo ad aggiungerne!!

MARC

LEADER 00000nla$a2200000$$$4500
001 0145426
005 20240502072622.1
041 0 |a slo 
044 |a SK 
245 1 0 |a Simulácia vývoja variancie predaja produktu  |c Peter Silanič 
520 |a Riešenie úlohy o vývoji variancie predaja určitého výrobku počas jedného dňa. Odhad, akú varianciu má dopyt v jednotlivých častiach dňa. 
610 2 0 |a predaj 
610 2 0 |a produkty 
610 2 0 |a metóda Monte Carlo 
610 2 0 |a dopyt 
100 1 |a Silanič, Peter, 1984-